000
00266nam a2200109Ia 4500
005
20251222154314.0
008
251222s9999||||xx |||||||||||||| ||spa||
082
_a
323.44/M12
100
_a
"Mackenzie, Norman"
245
0
_a
Breve historia del Socialismo
942
_c
LIB
999
_c
33495
_d
33495